Vista normal
Vista MARC
Entrada Materia (personas)
Número de registros utilizados en: 1
001 - CONTROL NUMBER
- control field: 82807
003 - CONTROL NUMBER IDENTIFIER
- control field: Co-BoUCM
005 - DATE AND TIME OF LATEST TRANSACTION
- control field: 20161207154552.0
008 - FIXED-LENGTH DATA ELEMENTS
- fixed length control field: 161207|| aca||aabn | a|a d
040 ## - CATALOGING SOURCE
- Original cataloging agency: Co-BoUCM
- Transcribing agency: Co-BoUCM
100 ## - HEADING--PERSONAL NAME
- Personal name: Nisard, M.
- Relator term: director
670 ## - SOURCE DATA FOUND
- Source citation: Work cat.: (Co-BoUCM)36733: Cicerón, Marco Tulio 106-43 a. C. 575, Oeuvres complètes de Cicéron, avec la traduction en français Tome cinquième, 1841